Travel notebook : regions of Barcelona regions of Barcelona
Descripción Física:
1 targeta postal ; il·lustracions color ; 15 x 10 cm
Materias:
Barcelona és Molt Més
; Productes turístics -- Barcelona (Catalunya : Província)
; Targetes postals
Idioma:
Catalán , English
MARC
| LEADER | 00000nam a22000007a 4500 | ||
|---|---|---|---|
| 001 | 29352 | ||
| 003 | AGDB | ||
| 005 | 20260324181547.0 | ||
| 008 | 260209b spa||||| |||| 00| 0 cat d | ||
| 017 | |a B 14226-2025 | ||
| 040 | |a agdb |b cat | ||
| 041 | |a eng | ||
| 245 | |a Travel notebook : |b regions of Barcelona | ||
| 260 | |a Barcelona : |b Diputació de Barcelona ; |c 2025 | ||
| 300 | |a 1 targeta postal ; |b il·lustracions color ; |c 15 x 10 cm | ||
| 610 | 2 | 0 | |a Barcelona és Molt Més |9 51323 |
| 650 | 0 | |a Productes turístics |z Barcelona (Catalunya : Província) |9 72067 | |
| 655 | 0 | |a Targetes postals |9 52685 | |
| 710 | |a Barcelona (Catalunya : Província). |b Àrea de Desenvolupament Econòmic i Turisme |9 71481 | ||
| 942 | |2 udc |c ARXIU |n 1 | ||
| 952 | |0 0 |1 0 |2 udc |4 0 |6 FU7939 |7 1 |9 99113 |a Arxiu |b Arxiu |d 2026-02-09 |l 0 |o FU-79-39 |p 29352 |r 2026-02-09 12:03:24 |w 2026-02-09 |y ARXIU | ||
| 999 | |c 130768 |d 130768 | ||